[Event "XIX Auto Veteranos G-B"]
[Site "?"]
[Date "2021.??.??"]
[Round "5.1"]
[White "Lasierra, Javier"]
[Black "Hernández, Gabriel"]
[Result "0-1"]
[WhiteElo "1307"]
[BlackElo "1870"]
[PlyCount "90"]
[EventDate "2021.05.25"]

1. e3 e5 2. Nc3 d5 3. h3 Nf6 4. d4 e4 5. Nge2 b6 6. Ng3 h5 7. Be2 g6 8. O-O h4
9. Nh1 Bh6 10. f3 Bb7 11. f4 Bc8 12. Nf2 Bf8 13. a3 Nc6 14. b4 Ne7 15. Ng4 Bxg4
16. Bxg4 Nh5 17. Bxh5 Rxh5 18. Qg4 Nf5 19. Bd2 a6 20. Rf2 Qd7 21. Kh2 O-O-O 22.
Qe2 Kb7 23. Rb1 Nd6 24. a4 Nc4 25. a5 b5 26. Rb3 c6 27. Nd1 Bd6 28. c3 Rdh8 29.
Nb2 Nxd2 30. Qxd2 g5 31. Qe2 f5 32. Nd1 gxf4 33. exf4 Qc7 34. Qe3 Rg5 35. Kh1
Rg3 36. Qd2 Rhg8 37. Rb2 Rd3 38. Qc1 Qg7 39. Ne3 Rf8 40. Rbd2 Qg3 41. Rde2 Bxf4
42. Nf1 Bxc1 43. Nxg3 hxg3 44. Rf1 Bh6 45. Rc2 f4 0-1

[Event "XIX Auto Veteranos G-B"]
[Site "?"]
[Date "2021.??.??"]
[Round "5.2"]
[White "Sarto, Ángel"]
[Black "Sánchez Vallés, José María"]
[Result "1/2-1/2"]
[WhiteElo "1816"]
[BlackElo "1727"]
[PlyCount "119"]
[EventDate "2021.05.25"]

1. d4 Nf6 2. Nc3 d5 3. e3 Bf5 4. Nf3 e6 5. Ne5 Nbd7 6. g4 Nxe5 7. gxf5 Ned7 8.
fxe6 fxe6 9. Bg2 Bb4 10. Bd2 c6 11. Qe2 Qc7 12. f4 Nb6 13. b3 Ba3 14. O-O O-O
15. Rae1 Rae8 16. e4 g6 17. Bf3 Kh8 18. e5 Ng8 19. Nd1 Be7 20. Nf2 Nh6 21. Bg4
Nf5 22. Bxf5 Rxf5 23. c4 Ref8 24. c5 Nc8 25. Nh3 Bh4 26. Rc1 Qg7 27. Qg2 Bd8
28. Be3 Qf7 29. Kh1 Qd7 30. Bf2 Qg7 31. Bg3 a6 32. Kg1 Na7 33. a4 Nc8 34. b4
Kg8 35. Rf2 g5 36. Nxg5 Bxg5 37. fxg5 Qxg5 38. Bh4 Qxg2+ 39. Rxg2+ Kf7 40. Bf6
Rg8 41. Rcc2 Ne7 42. Bxe7 Rxg2+ 43. Rxg2 Kxe7 44. b5 axb5 45. axb5 Rf4 46. Rb2
Rxd4 47. bxc6 bxc6 48. Rb7+ Kf8 49. Rc7 Re4 50. Rxc6 Rxe5 51. Rc7 Ke8 52. Rxh7
Re1+ 53. Kf2 Rc1 54. Rc7 Kd8 55. Rc6 Kd7 56. Rd6+ Ke7 57. Rc6 Kd7 58. Rd6+ Ke7
59. Rc6 Kd7 60. Rd6+ 1/2-1/2

[Event "XIX Auto Veteranos G-B"]
[Site "?"]
[Date "2021.??.??"]
[Round "5.3"]
[White "Pes, Ángel"]
[Black "Navarro, Jesús"]
[Result "1-0"]
[WhiteElo "1922"]
[BlackElo "1625"]
[PlyCount "55"]
[EventDate "2021.05.25"]

1. d4 Nf6 2. Nf3 d5 3. Bf4 e6 4. e3 Bd6 5. Ne5 Qe7 6. Nd2 O-O 7. Bd3 c5 8. c3
b6 9. Qe2 Bb7 10. Bg5 h6 11. Bh4 Qd8 12. f4 Be7 13. O-O Nbd7 14. Rad1 Ne4 15.
Bxe7 Qxe7 16. Nxd7 Qxd7 17. Bxe4 dxe4 18. dxc5 Qa4 19. Rfe1 Qxa2 20. Qb5 Ba6
21. Qb3 Qxb3 22. Nxb3 Bd3 23. cxb6 Bc2 24. b7 Rab8 25. Nc5 Bxd1 26. Rxd1 Rfd8
27. Rd7 Kf8 28. Na6 1-0

[Event "XIX Auto Veteranos G-B"]
[Site "?"]
[Date "2021.??.??"]
[Round "5.4"]
[White "Pellicer, Rafael José"]
[Black "Antoñano, Avelino"]
[Result "0-1"]
[WhiteElo "1614"]
[BlackElo "2044"]
[PlyCount "100"]
[EventDate "2021.05.25"]

1. Nf3 c5 2. e4 g6 3. d4 cxd4 4. Qxd4 Nf6 5. e5 Nc6 6. Qc3 e6 7. a3 Nd5 8. Qb3
Bg7 9. c4 Nb6 10. Qe3 Qc7 11. Nbd2 Nxe5 12. Nxe5 Bxe5 13. Rb1 O-O 14. b3 d5 15.
c5 Nd7 16. Nf3 Bg7 17. b4 b6 18. cxb6 axb6 19. Bb2 e5 20. Rc1 Qd6 21. Bb5 Re8
22. Rc6 Qb8 23. O-O Bb7 24. Rfc1 Bxc6 25. Bxc6 d4 26. Qd3 Ra7 27. Qb5 Re7 28.
Re1 Qd6 29. Nd2 Rc7 30. Ba8 Nf6 31. Nc4 Rxc4 32. Qxc4 Rc7 33. Qd3 Nd5 34. g3
Nc3 35. Bg2 f5 36. f3 Na4 37. Qb3+ Kf8 38. Qxa4 d3 39. Rd1 e4 40. Bxg7+ Kxg7
41. fxe4 Qd4+ 42. Kh1 fxe4 43. Qe8 e3 44. Bf3 Rf7 45. Bg2 e2 46. Rg1 Qd6 47.
Qe3 Re7 48. Qd2 Qe5 49. Re1 Qe3 50. Qc3+ Kh6 0-1

[Event "XIX Auto Veteranos G-B"]
[Site "?"]
[Date "2021.??.??"]
[Round "5.7"]
[White "López Carcas, Jesús"]
[Black "Pinilla, José Carlos"]
[Result "1-0"]
[WhiteElo "1314"]
[BlackElo "1157"]
[PlyCount "127"]
[EventDate "2021.05.25"]

1. e4 g6 2. f4 Bg7 3. d4 d6 4. Nf3 Bg4 5. Bc4 e6 6. O-O Ne7 7. c3 O-O 8. Be3 d5
9. Bd3 dxe4 10. Bxe4 c6 11. Nbd2 Nd5 12. Qe2 Nxe3 13. Qxe3 Nd7 14. Nc4 Nf6 15.
Bc2 Nd5 16. Qd2 b5 17. Nce5 Bxe5 18. Nxe5 Nf6 19. Nxc6 Qc7 20. Ne5 Bf5 21. Bd1
Ne4 22. Qe3 f6 23. Nd3 Nd6 24. Nc5 Rfe8 25. Bb3 Nc4 26. Qe2 h5 27. Bxc4 Bg4 28.
Qd3 Bf5 29. Bxe6+ Rxe6 30. Qxb5 Re3 31. Qc4+ Kh7 32. g3 Bg4 33. Rae1 Rae8 34.
Kf2 Rf3+ 35. Kg2 Rfe3 36. Rxe3 Rxe3 37. d5 Qc8 38. Qd4 Bh3+ 39. Kf2 Re7 40. Re1
Rxe1 41. Kxe1 Qe8+ 42. Qe4 Qb5 43. Nd3 Bf5 44. Qe7+ Kg8 45. Nc5 Qxb2 46. Qe8+
Kh7 47. Qe7+ Kh8 48. Qxf6+ Kh7 49. Qd4 Qc1+ 50. Kf2 Qc2+ 51. Ke3 Qc1+ 52. Qd2
Qa3 53. Ne6 Qd6 54. Ng5+ Kg7 55. Qd4+ Qf6 56. Qxa7+ Kg8 57. Qb8+ Qf8 58. Qxf8+
Kxf8 59. Kd4 Ke7 60. c4 Bb1 61. a4 Ba2 62. a5 Kd7 63. Ne6 Bb3 64. Nc5+ 1-0

[Event "XIX Auto Veteranos G-B"]
[Site "?"]
[Date "2021.??.??"]
[Round "6.1"]
[White "Hernández, Gabriel"]
[Black "Pes, Ángel"]
[Result "0-1"]
[WhiteElo "1870"]
[BlackElo "1922"]
[PlyCount "82"]
[EventDate "2021.05.25"]

1. d4 Nf6 2. Nf3 d5 3. g3 Bf5 4. Bg2 e6 5. c4 c6 6. Qb3 Qb6 7. c5 Qa6 8. Bf1 b5
9. Nh4 Be4 10. f3 Bxb1 11. Rxb1 Be7 12. Ng2 Nbd7 13. e3 O-O 14. Bd3 e5 15. O-O
e4 16. Be2 Rab8 17. Qa3 Qb7 18. b4 Ra8 19. Bd2 exf3 20. Bxf3 Ne4 21. Bxe4 dxe4
22. Nf4 Bg5 23. Ne2 Nf6 24. Rf5 Bh6 25. Nc3 Rad8 26. Rbf1 Rfe8 27. Rxf6 gxf6
28. Rxf6 Rxd4 29. exd4 Bxd2 30. Ne2 Qd7 31. Qb2 Be3+ 32. Kg2 Bg5 33. Rf1 Re6
34. Rf5 Rg6 35. Re5 Qg4 36. Ng1 Bf6 37. Re8+ Kg7 38. Qe2 Qd7 39. Rxe4 Bd8 40.
Nf3 f5 41. Re3 Rh6 0-1

[Event "XIX Auto Veteranos G-B"]
[Site "?"]
[Date "2021.??.??"]
[Round "6.2"]
[White "Antoñano, Avelino"]
[Black "Sánchez Vallés, José María"]
[Result "1-0"]
[WhiteElo "2044"]
[BlackElo "1727"]
[PlyCount "79"]
[EventDate "2021.05.25"]

1. e4 c5 2. Nf3 Nc6 3. d4 cxd4 4. Nxd4 Nf6 5. Nc3 d6 6. g3 Qb6 7. Nxc6 bxc6 8.
Bg2 Ba6 9. b3 Rd8 10. Bb2 d5 11. exd5 cxd5 12. Ne2 e6 13. Bd4 Bc5 14. Bxc5 Qxc5
15. Qd4 Rc8 16. Qxc5 Rxc5 17. Rc1 O-O 18. Kd2 Rfc8 19. Nf4 g6 20. Nd3 Rc3 21.
Rhe1 Kg7 22. Nb4 Bb7 23. a4 a5 24. Na2 R3c7 25. c3 d4 26. Bxb7 Rxb7 27. cxd4
Rd8 28. Kc3 Nd5+ 29. Kc2 Rc8+ 30. Kd2 Rcb8 31. Nc3 Nxc3 32. Rxc3 Rxb3 33. Re5
R3b4 34. Rxa5 Rxd4+ 35. Ke3 Rdb4 36. Ra3 R4b6 37. Rc5 Ra6 38. a5 f5 39. f4 Kf6
40. h4 1-0

[Event "XIX Auto Veteranos G-B"]
[Site "?"]
[Date "2021.??.??"]
[Round "6.3"]
[White "Casterá, Rafael"]
[Black "Sarto, Ángel"]
[Result "0-1"]
[WhiteElo "1656"]
[BlackElo "1816"]
[PlyCount "59"]
[EventDate "2021.05.25"]

1. e4 Nc6 2. Nf3 e5 3. Nc3 Nf6 4. Bb5 d6 5. d4 exd4 6. Nxd4 Bd7 7. O-O Be7 8.
Nxc6 bxc6 9. Bc4 O-O 10. f3 Be6 11. Bxe6 fxe6 12. Bg5 Nd7 13. Be3 d5 14. Qe2
Bf6 15. exd5 exd5 16. Qd2 Ne5 17. b3 d4 18. Bxd4 Nxf3+ 19. Rxf3 Bxd4+ 20. Kh1
Rxf3 21. gxf3 Qf6 22. Qe2 Bxc3 23. Rd1 Rf8 24. Qc4+ Kh8 25. Rd3 Be5 26. Qe4 Bd6
27. a4 Qe5 28. Qh4 Qe2 29. Qh3 Qxc2 30. Re3 0-1

[Event "XIX Auto Veteranos G-B"]
[Site "?"]
[Date "2021.??.??"]
[Round "6.4"]
[White "Navarro, Jesús"]
[Black "López Carcas, Jesús"]
[Result "1-0"]
[WhiteElo "1625"]
[BlackElo "1314"]
[PlyCount "73"]
[EventDate "2021.05.25"]

1. e4 c5 2. Nf3 e6 3. d4 cxd4 4. Nxd4 Nc6 5. Be3 Nf6 6. Nc3 Bb4 7. Bd3 d5 8.
Nxc6 bxc6 9. exd5 Nxd5 10. Bd2 Bxc3 11. bxc3 O-O 12. O-O a5 13. Qh5 f5 14. Rfe1
g6 15. Qh6 Qf6 16. c4 Nb4 17. Bf4 Qg7 18. Qh4 Qd7 19. Rad1 Qb7 20. Rb1 Qd7 21.
Red1 Qf7 22. a3 Na6 23. Bd6 Re8 24. Re1 c5 25. f4 Qd7 26. Be5 Bb7 27. Qf6 Re7
28. Qh8+ Kf7 29. Qxh7+ Kf8 30. Qxg6 Rf7 31. Rb6 Bc6 32. Re3 Nc7 33. Rh3 Ne8 34.
Rh8+ Ke7 35. Qg5+ Nf6 36. Bxf6+ Rxf6 37. Rh7+ 1-0

[Event "XIX Auto Veteranos G-B"]
[Site "?"]
[Date "2021.??.??"]
[Round "6.6"]
[White "Lorente, Antonio"]
[Black "Argüeso, Manuel"]
[Result "0-1"]
[WhiteElo "1557"]
[BlackElo "1515"]
[PlyCount "82"]
[EventDate "2021.05.25"]

1. e4 c6 2. Nc3 d5 3. Nf3 dxe4 4. Nxe4 Nd7 5. d4 Ngf6 6. Bd3 Nxe4 7. Bxe4 Nf6
8. Bd3 Bg4 9. c3 e6 10. h3 Bh5 11. g4 Bg6 12. Qe2 Qb6 13. Bxg6 hxg6 14. Ne5 Bd6
15. Nc4 Qc7 16. Bg5 Be7 17. O-O-O O-O 18. h4 b5 19. Ne5 Nd5 20. Bxe7 Nxe7 21.
h5 Rad8 22. h6 f6 23. Nd3 Qd6 24. hxg7 Kxg7 25. Qe3 Rh8 26. Nc5 Kf7 27. Rhe1
Nd5 28. Qxe6+ Qxe6 29. Rxe6 Rh2 30. Rd2 Rc8 31. Rd6 a5 32. Rd7+ Kg8 33. Ne4 Kf8
34. Rd6 Ke7 35. a3 f5 36. Rxg6 fxe4 37. Rg5 Rf8 38. Re5+ Kd6 39. Rxe4 Rfxf2 40.
Rxf2 Rxf2 41. Re8 Nf6 0-1

[Event "XIX Auto Veteranos G-B"]
[Site "?"]
[Date "2021.??.??"]
[Round "6.7"]
[White "Modrego, Aurelio"]
[Black "Pellicer, Rafael José"]
[Result "0-1"]
[WhiteElo "1056"]
[BlackElo "1614"]
[PlyCount "72"]
[EventDate "2021.05.25"]

1. e4 e5 2. Nf3 Nc6 3. c3 d5 4. Bb5 dxe4 5. Nxe5 Qd5 6. Bxc6+ bxc6 7. d4 exd3
8. Nxd3 Bd6 9. O-O Ne7 10. Re1 O-O 11. Bf4 Ng6 12. Bxd6 cxd6 13. Nb4 Qxd1 14.
Rxd1 c5 15. Nd5 Rb8 16. b3 Rd8 17. Na3 Kf8 18. c4 a6 19. Rd2 f6 20. Re1 Ne5 21.
h3 Kf7 22. Re3 Nc6 23. Nc2 Bf5 24. Ne1 Nd4 25. g4 Bc8 26. f4 Re8 27. Rxe8 Kxe8
28. Kf2 h5 29. f5 Kf7 30. Nf3 Nc6 31. Nh4 hxg4 32. hxg4 Ne5 33. Kg3 a5 34. Re2
Bb7 35. Rd2 Rh8 36. Nf4 Rxh4 0-1

[Event "XIX Auto Veteranos G-B"]
[Site "?"]
[Date "2021.??.??"]
[Round "7.1"]
[White "Pes, Ángel"]
[Black "Sarto, Ángel"]
[Result "1-0"]
[WhiteElo "1922"]
[BlackElo "1816"]
[PlyCount "91"]
[EventDate "2021.05.25"]

1. d4 d6 2. Nf3 Nf6 3. Bf4 c5 4. e3 Qb6 5. Nc3 Nc6 6. Nb5 a6 7. dxc5 Qa5+ 8.
Nc3 Qxc5 9. Be2 b5 10. a3 e5 11. Bg5 e4 12. Bxf6 exf3 13. Bxf3 gxf6 14. Ne4 Qb6
15. Nxf6+ Kd8 16. Qd5 Bb7 17. Rd1 Be7 18. Qf5 Nb8 19. O-O Bxf3 20. Qxf3 Qc6 21.
Nd5 Ra7 22. Qxf7 Qe8 23. Qe6 Qg6 24. Qh3 Rg8 25. Rd3 Qg4 26. Qxg4 Rxg4 27. Rfd1
Rd7 28. f3 Rg6 29. e4 Nc6 30. f4 Re6 31. Re1 Bf8 32. Kf2 Bg7 33. c3 Ne7 34. f5
Rh6 35. Nf4 Be5 36. Ne6+ Rxe6 37. fxe6 Rc7 38. Rf3 Ng6 39. Rf7 Rxf7+ 40. exf7
Ke7 41. g3 Kxf7 42. Re3 Ke6 43. Rf3 Ne7 44. Ke3 Bf6 45. Rf1 Ng6 46. Rf5 1-0

[Event "XIX Auto Veteranos G-B"]
[Site "?"]
[Date "2021.??.??"]
[Round "7.2"]
[White "Hernández, Gabriel"]
[Black "Antoñano, Avelino"]
[Result "0-1"]
[WhiteElo "1870"]
[BlackElo "2044"]
[PlyCount "114"]
[EventDate "2021.05.25"]

1. d4 g6 2. Nf3 Bg7 3. g3 c5 4. d5 d6 5. e4 Nf6 6. Nc3 O-O 7. a4 Bg4 8. h3 Bxf3
9. Qxf3 Nfd7 10. Be2 f5 11. exf5 Rxf5 12. Qg2 Na6 13. O-O Nb4 14. g4 Rf7 15.
Bd1 Nb6 16. Qe4 Bxc3 17. bxc3 N4xd5 18. Bd2 Qd7 19. g5 Qf5 20. Qxf5 gxf5 21.
Bf3 e6 22. Be2 Nd7 23. f4 Ne7 24. Bh5 Ng6 25. Bf3 Nb6 26. Be2 d5 27. c4 Nxc4
28. Bxc4 dxc4 29. Bc3 Rd7 30. Rae1 Kf7 31. Kg2 Rd6 32. Kg3 Ne7 33. Rb1 b6 34.
Be5 Rd2 35. a5 Nd5 36. Rf2 Rxf2 37. Kxf2 Kg6 38. Kg3 Rd8 39. h4 Nb4 40. h5+ Kf7
41. axb6 axb6 42. Bc7 Rd7 43. Bxb6 Nxc2 44. Bxc5 c3 45. Rc1 Rd3+ 46. Kg2 Ne3+
47. Bxe3 Rxe3 48. Kf2 Rh3 49. h6 Kg6 50. Re1 Kf7 51. Ra1 c2 52. Ke2 Rc3 53. Kd2
Rc7 54. Rc1 Kg8 55. Kd3 e5 56. fxe5 Kf7 57. Kd4 f4 0-1

[Event "XIX Auto Veteranos G-B"]
[Site "?"]
[Date "2021.??.??"]
[Round "7.3"]
[White "Lasierra, Javier"]
[Black "Navarro, Jesús"]
[Result "0-1"]
[WhiteElo "1307"]
[BlackElo "1625"]
[PlyCount "65"]
[EventDate "2021.05.25"]

1. e4 c5 2. Nf3 e6 3. Be2 Nc6 4. O-O Qc7 5. d3 Nf6 6. h3 Be7 7. Nbd2 O-O 8. Nh2
e5 9. Ng4 Nd4 10. Nxf6+ Bxf6 11. Nc4 b5 12. Ne3 Bb7 13. b3 Rad8 14. Ng4 Be7 15.
Bb2 d5 16. Bxd4 cxd4 17. exd5 Bxd5 18. f3 f5 19. Nf2 Rc8 20. a4 b4 21. Ra2 a5
22. Nh1 Bg5 23. g3 Be3+ 24. Kg2 e4 25. dxe4 fxe4 26. f4 Qe7 27. Bg4 Rc3 28. Re1
Qc5 29. h4 d3 30. Rxe3 Qxe3 31. Kh3 Qc5 32. cxd3 exd3 33. Qd2 0-1

[Event "XIX Auto Veteranos G-B"]
[Site "?"]
[Date "2021.??.??"]
[Round "7.4"]
[White "Sánchez Vallés, José María"]
[Black "López Carcas, Jesús"]
[Result "1-0"]
[WhiteElo "1727"]
[BlackElo "1314"]
[PlyCount "83"]
[EventDate "2021.05.25"]

1. e4 c5 2. Nf3 e6 3. d4 cxd4 4. Nxd4 Nc6 5. c4 Nf6 6. Nxc6 bxc6 7. Bd3 d5 8.
cxd5 cxd5 9. e5 Nd7 10. Qa4 Be7 11. O-O O-O 12. Qc2 h6 13. f4 Qb6+ 14. Kh1 Rb8
15. Nc3 a6 16. Na4 Qa7 17. Qe2 Qd4 18. Nc3 Nc5 19. Bc2 Qb4 20. a3 Qb6 21. b4
Nd7 22. Qd3 f5 23. exf6 Nxf6 24. Be3 Qd6 25. Bd4 Ne4 26. Nxe4 dxe4 27. Qxe4 Rf5
28. Be5 Qb6 29. Qc4 Rf8 30. Qd3 Rf5 31. Bxb8 Qxb8 32. Qc4 Rf6 33. f5 Bd7 34.
Qa2 Bd6 35. fxe6 Bxe6 36. Bb3 Rxf1+ 37. Rxf1 Bxb3 38. Qxb3+ Kh8 39. Qf7 Kh7 40.
Qf5+ Kh8 41. Rc1 Bc7 42. Qd7 1-0

[Event "XIX Auto Veteranos G-B"]
[Site "?"]
[Date "2021.??.??"]
[Round "7.5"]
[White "García, Obdulio"]
[Black "Casterá, Rafael"]
[Result "0-1"]
[WhiteElo "1638"]
[BlackElo "1656"]
[PlyCount "110"]
[EventDate "2021.05.25"]

1. d4 Nf6 2. Bf4 e6 3. e3 c5 4. c3 d5 5. Nd2 Nc6 6. Be2 Bd6 7. Bg3 Qe7 8. Ngf3
e5 9. dxe5 Nxe5 10. Nxe5 Bxe5 11. O-O Bxg3 12. hxg3 O-O 13. Qc2 Bd7 14. Rad1
Rfe8 15. Bf3 Bc6 16. Rfe1 Rad8 17. Nb3 Ba4 18. c4 b5 19. Qc3 bxc4 20. Qa5 Bxb3
21. axb3 cxb3 22. Ra1 Rd7 23. Qc3 c4 24. Ra5 Ne4 25. Bxe4 Qxe4 26. Rea1 Qe7 27.
Qd4 Qe5 28. Qd2 Ree7 29. Rc5 g6 30. Raa5 Qe4 31. Rxd5 Rxd5 32. Rxd5 Re5 33.
Rd8+ Kg7 34. Kf1 Qc2 35. Ke2 Qe4 36. f3 Qf5 37. e4 Qe6 38. Qd4 Qf6 39. f4 Rxe4+
40. Qxe4 Qxd8 41. Qxc4 Qb6 42. g4 Qe6+ 43. Kd3 Qxg4 44. Qd4+ Kh6 45. Qf2 a5 46.
Kc3 Qe6 47. Qc5 a4 48. Qg5+ Kg7 49. Kb4 Qe4+ 50. Ka3 h6 51. Qe5+ Qxe5 52. fxe5
g5 53. Kxa4 h5 54. Kxb3 h4 55. Kc3 g4 0-1

[Event "XIX Auto Veteranos G-B"]
[Site "?"]
[Date "2021.??.??"]
[Round "7.6"]
[White "Argüeso, Manuel"]
[Black "Úbeda, Ángel"]
[Result "1-0"]
[WhiteElo "1515"]
[BlackElo "1381"]
[PlyCount "63"]
[EventDate "2021.05.25"]

1. d4 d5 2. Nf3 Nf6 3. e3 g6 4. Bd3 Bg7 5. Nbd2 O-O 6. O-O a6 7. c3 Nbd7 8. e4
dxe4 9. Nxe4 Nxe4 10. Bxe4 Nf6 11. Bc2 b5 12. Re1 Bb7 13. Bg5 Re8 14. Qe2 h6
15. Bd2 Bd5 16. b3 Rb8 17. c4 Bxf3 18. Qxf3 Qxd4 19. Bc3 Qg4 20. Qc6 bxc4 21.
bxc4 Qd7 22. Qxa6 Ra8 23. Qb7 c6 24. Qb6 Nh5 25. Bxg7 Kxg7 26. Qb2+ Kg8 27. Qc1
Kh7 28. a4 Ra5 29. Re3 Rd8 30. Qe1 Ra7 31. Rh3 Ra5 32. Qxa5 1-0

[Event "XIX Auto Veteranos G-B"]
[Site "?"]
[Date "2021.??.??"]
[Round "7.8"]
[White "Lorente, Antonio"]
[Black "Modrego, Aurelio"]
[Result "1/2-1/2"]
[WhiteElo "1557"]
[BlackElo "1056"]
[PlyCount "50"]
[EventDate "2021.05.25"]

1. e4 e5 2. Nf3 Nc6 3. Bc4 d6 4. O-O h6 5. d4 Nxd4 6. Nxd4 exd4 7. Qxd4 Be6 8.
Nc3 a6 9. Be3 Bxc4 10. Qxc4 Qd7 11. Rad1 Nf6 12. Rfe1 b5 13. Qd3 Be7 14. h3 Rd8
15. Nd5 O-O 16. Nxe7+ Qxe7 17. Bd4 c5 18. Bxf6 Qxf6 19. c3 Rfe8 20. Re3 Qe6 21.
b3 f6 22. Rde1 c4 23. Qd5 Qxd5 24. exd5 Rxe3 25. Rxe3 Kf7 1/2-1/2